| 000 | 00568nam a2200193 4500 | ||
|---|---|---|---|
| 005 | 20250709124227.0 | ||
| 010 | _aENG-145804 | ||
| 020 |
_a9789364440561 _c675.00 |
||
| 035 | _aEN-129336 | ||
| 037 | _bDBAD | ||
| 082 |
_a657.42 _21 |
||
| 100 |
_aHanif, M _982830 |
||
| 245 |
_aCost Accounting I/ _cM Hanif |
||
| 250 | _a1 | ||
| 260 |
_aTamil Nadu _bMcgraw Hill Education Pvt Ltd _c2025 |
||
| 270 |
_aAnjana Complex No: 5/90 A, Butt Road, St Thomas Mount _bTamil Nadu _e600016 |
||
| 300 |
_avpp. _c24cm(pb) _bIndex |
||
| 942 |
_2ddc _cEN _h657.42 _mHAN |
||
| 999 |
_c212273 _d212273 |
||